000 00725nam a2200265 i 4500
001 bg
100 1 _aChen, Chi-Tsong.
245 1 0 _aSystem and signal analysis /
_cby Chi-Tsong Chen.
250 _a2nd ed.
260 _aForth Worth [et al.] :
_bSaunders College Publ.,
_ccop. 1994.
300 _aXX, 705 s. :
_bil. ;
_c24 cm +
_e"Solutions manual to accompany" : 81 s. ; 28 cm
650 4 _aTeoria sygnałów
650 4 _aTeoria systemów
650 4 _aTeoria obwodów
020 _a0030080894
040 _cBPK
041 0 _aeng
080 _a621.37
080 _a621.391
080 _a621.3.049
080 _a519.6
920 _a0-03-008089-4
942 _cKS
008 s pl f |000 0 pol
999 _c31300
_d31300
856 _uhttp://koha.tu.koszalin.pl/cgi-bin/koha/opac-detail.pl?biblionumber=31300
_yKatalog online BPK